[Event "Moscow-ch"]
[Site "Moscow"]
[Date "1999.??.??"]
[Round "1"]
[White "Bobylev, Valentin"]
[Black "Topchij, Gennadij"]
[Result "1/2-1/2"]
[WhiteElo "2365"]
[BlackElo "2275"]
[PlyCount "64"]
[EventDate "1999.??.??"]
[EventType "swiss"]
[EventRounds "9"]
[EventCountry "RUS"]
[SourceTitle "EXT 2001"]
[Source "ChessBase"]
[SourceDate "2000.11.22"]
[SourceVersion "1"]
[SourceVersionDate "2000.11.22"]
[SourceQuality "1"]

1. e4 d5 2. Nc3 dxe4 3. Nxe4 e5 4. Bc4 Nc6 5. c3 Be7 6. Qb3 Nh6 7. d4 0-0 8. Bxh6 gxh6 9. 0-0-0 exd4 10. Ne2 Na5 11. Qa4 Nxc4 12. Qxc4 Be6 13. Qd3 Qd5 14. Nxd4 Rad8 15. b3 Bg5+ 16. Kb2 c5 17. Nxe6 Qxd3 18. Rxd3 Rxd3 19. Nxf8 Kxf8 20. Kc2 Rd5 21. h4 Be7 22. g3 f5 23. Nd2 Bf6 24. Nf3 Kf7 25. h5 b5 26. c4 bxc4 27. bxc4 Rd6 28. Rb1 Re6 29. Rb7+ Be7 30. Kd3 Kf6 31. Rb8 Rd6+ 32. Kc2 Re6 1/2-1/2

[Event "Moscow-ch"]
[Site "Moscow"]
[Date "1999.??.??"]
[Round "5"]
[White "Sakov, Anatolij J"]
[Black "Topchij, Gennadij"]
[Result "1-0"]
[WhiteElo "2134"]
[BlackElo "2275"]
[PlyCount "54"]
[EventDate "1999.??.??"]
[EventType "swiss"]
[EventRounds "9"]
[EventCountry "RUS"]
[SourceTitle "EXT 2001"]
[Source "ChessBase"]
[SourceDate "2000.11.22"]
[SourceVersion "1"]
[SourceVersionDate "2000.11.22"]
[SourceQuality "1"]

1. e4 e6 2. d4 d5 3. Nd2 c5 4. exd5 Qxd5 5. Ngf3 cxd4 6. Bc4 Qd6 7. 0-0 Nf6 8. Nb3 Nc6 9. Nbxd4 Nxd4 10. Nxd4 Bd7 11. Nb5 Qc5 12. Qe2 Nd5 13. a4 a6 14. Bxd5 axb5 15. Bxb7 Rxa4 16. Be3 Qc7 17. Bf3 Bd6 18. b3 Ra3 19. Rxa3 Bxa3 20. c4 0-0 21. cxb5 Qe5 22. Bc1 Bd6 23. Qxe5 Bxe5 24. b6 Bb5 25. Rd1 f5 26. Re1 Bd4 27. Rxe6 Rb8 1-0

[Event "Moscow-ch"]
[Site "Moscow"]
[Date "1999.??.??"]
[Round "8"]
[White "Topchij, Gennadij"]
[Black "Radzhabov, Shamsutdin"]
[Result "0-1"]
[WhiteElo "2275"]
[BlackElo "2230"]
[PlyCount "54"]
[EventDate "1999.??.??"]
[EventType "swiss"]
[EventRounds "9"]
[EventCountry "RUS"]
[SourceTitle "EXT 2001"]
[Source "ChessBase"]
[SourceDate "2000.11.22"]
[SourceVersion "1"]
[SourceVersionDate "2000.11.22"]
[SourceQuality "1"]

1. d4 d5 2. Nf3 Nf6 3. Bg5 Nbd7 4. Nbd2 h6 5. Bh4 g5 6. Bg3 Bg7 7. e3 c5 8. c3 Qb6 9. Qc2 Nh5 10. Be2 Nxg3 11. hxg3 e5 12. Nxe5 Nxe5 13. dxe5 Bxe5 14. Nf3 Bg7 15. 0-0-0 Be6 16. Qa4+ Kf8 17. Rd2 Rc8 18. Rhd1 g4 19. Ne1 d4 20. exd4 cxd4 21. c4 h5 22. Kb1 Rc5 23. Qb3 Qc6 24. Qa3 Kg8 25. Qxa7 b6 26. b3 Ra5 27. Qe7 Bf6 0-1